LEADER 00422nab a2200145 i 4500 001 000000267284 003 CaOOAMICUS 005 20070723000000.0 008 070723n xx uu u0 0und r 013 $a11810 040 $aSeMil$bita 245 10$a[SENZA TITOLO]. 500 $aAvril-Juin 2007. 773 0 $t2007.$dToulouse : Institut Catholique de Toulouse, 2007.$w()162257 996 $6245$a[SENZA TITOLO]$9(OLS)http://semarc/title/354609 LEADER 00397nab a2200145 i 4500 001 000000282977 003 CaOOAMICUS 005 20180831165229.0 008 180831n xx uu u0 0und r 013 $a35944 040 $aSeMil$bita 245 10$a[SENZA TITOLO]. 500 $aGiugno 2005. 773 0 $tVolume 146.$dMilano : [s.n.], 2005.$w()236331 996 $6245$a[SENZA TITOLO]$9(OLS)http://semarc/title/354609